[Médiá 2004 na Slovensku]
Média na Slovensku - charakteristika trhu denníkov, týždenníkov, odborných, programových, inzertných, spoločenských časopisov v roku 2004. Tržby vydavateľských domov. Charakteristika trhu rádií, televízneho trhu, spustenie peoplemetrov. Vývoj na trhu vonkajšej reklamy.
Uložené v:
| Médium: | Kapitola |
|---|---|
| Jazyk: | Slovak |
| Predmet: | |
| Tagy: |
Žiadne tagy, Buďte prvý, kto otaguje tento záznam!
|
MARC
| LEADER | 00000naa$a2200000$$$4500 | ||
|---|---|---|---|
| 001 | 0031016 | ||
| 005 | 20231107123250.6 | ||
| 041 | 0 | |a slo | |
| 044 | |a SK | ||
| 245 | 1 | 0 | |a [Médiá 2004 na Slovensku] |
| 520 | |a Média na Slovensku - charakteristika trhu denníkov, týždenníkov, odborných, programových, inzertných, spoločenských časopisov v roku 2004. Tržby vydavateľských domov. Charakteristika trhu rádií, televízneho trhu, spustenie peoplemetrov. Vývoj na trhu vonkajšej reklamy. | ||
| 610 | 2 | 0 | |a prostriedky masovokomunikačné |
| 610 | 2 | 0 | |a médiá |
| 610 | 2 | 0 | |a tlač |
| 610 | 2 | 0 | |a rádiotechnika |
| 610 | 2 | 0 | |a televízia |
| 610 | 2 | 0 | |a peoplemetre |
| 610 | 2 | 0 | |a Slovensko |
| 610 | 2 | 0 | |a vývoj |
| 610 | 2 | 0 | |a trh |
| 610 | 2 | 0 | |a 2004 |